[Event "Oberpfalz-ch M3"]
[Site "Kareth Lappersdorf"]
[Date "2008.03.15"]
[Round "2"]
[White "Proelss, Reinhold"]
[Black "Groh, Korbinian"]
[Result "1-0"]
[WhiteElo "1317"]
[BlackElo "1136"]
[PlyCount "71"]
[EventDate "2008.03.15"]
[EventType "swiss"]
[EventRounds "8"]
[EventCountry "GER"]
[SourceTitle "EXT 2022"]
[Source "ChessBase"]
[SourceDate "2021.10.06"]
[SourceVersion "1"]
[SourceVersionDate "2021.10.06"]
[SourceQuality "1"]

1. e4 c5 2. Nf3 Nc6 3. d4 cxd4 4. Nxd4 Nf6 5. Nc3 g6 6. Be3 Bg7 7. f3 0-0 8. Qd2 Re8 9. g4 d6 10. h4 Nxd4 11. Bxd4 a6 12. h5 Be6 13. hxg6 fxg6 14. g5 Nh5 15. 0-0-0 Bxd4 16. Qxd4 Qa5 17. Qe3 Rad8 18. f4 Qc5 19. Qd2 b5 20. Be2 Ng3 21. Rh2 Qc8 22. Qe1 Nxe2+ 23. Nxe2 Bg4 24. Qh1 Bxe2 25. Rxe2 e5 26. Rh2 Re7 27. f5 gxf5 28. g6 Qd7 29. Rg1 Kh8 30. exf5 Qb7 31. f6 Qxh1 32. Rgxh1 Rc7 33. g7+ Kg8 34. Rxh7 Rdd7 35. Rh8+ Kf7 36. g8Q+ 1-0